00934cam a2200253 a 45000010008000000030004000080050017000120080041000290100017000700400013000870500021001000820014001212450115001352500012002502600090002623000029003524900029003815000063004105040053004736500046005267100040005727300021006128300047006332022747OSt20170208155128.0910717r19911946ilua b 001 0 eng  a 91172489  aDLCcDLC00aMT418b.B87 199000a788.922000aBrass anthology :ba collection of brass articles published in the Instrumentalist magazine from 1946 to 1990. a9th ed. aNorthfield, Ill. (200 Northfield Rd., Northfield) :bInstrumentalist Pub. Co.,c1991. a924 p. :bill. ;c30 cm.1 aAnthology series ;vv. 3 aOn spine: Trumpet, trombone, euphonium, French horn, tuba. aIncludes bibliographical references and indexes. 0aBrass instrumentsxInstruction and study.2 aInstrumentalist Publishing Company.0 aInstrumentalist. 0aAnthology series (Evanston, Ill.) ;vv. 3.